00403nam a2200157Ia 45000010006000000050017000060080041000230410008000640820016000721000040000882450064001282600009001923000028002016500008002296540008002371995320260306172730.0260306t2009||||xx |||||||||||||| ||spa|| aESP a341.72bO73 aOrtega Chacón, Domingo PercyeAUT 0aMetodología y técnicas de la investigación jurìdica c2009 a389 páginas :c24 cm. aGEN aCDE